Spoločná dopravná politika EÚ diplomová práca

Gespeichert in:
Bibliographische Detailangaben
1. Verfasser: Lozovyi, Oleksandr
Körperschaft: Fakulta medzinárodných vzťahov EU. Katedra medzinárodných ekonomických vzťahov a hospodárskej diplomacie
Weitere Verfasser: Jančíková, Eva, 1960-
Format: Buch
Sprache:Slowakisch
Veröffentlicht: Bratislava 2018
Tags: Tag hinzufügen
Keine Tags, Fügen Sie das erste Tag hinzu!

MARC

LEADER 00000nbm a2200000 4500
001 0244502
005 20180808082406.4
041 0 |a slo 
044 |a SK 
245 1 0 |a Spoločná dopravná politika EÚ  |b diplomová práca  |c Oleksandr Lozovyi ; školiteľ: Eva Jančíková 
264 1 |a Bratislava  |c 2018 
300 |a 86 s. 
100 1 |a Lozovyi, Oleksandr 
700 1 |a Jančíková, Eva, 1960- 
710 2 |a Fakulta medzinárodných vzťahov EU. Katedra medzinárodných ekonomických vzťahov a hospodárskej diplomacie